Historia universal: Educación Media

Kaydedildi:
Detaylı Bibliyografya
Asıl Yazarlar: Jiménez Rodríguez, Patricia (Yazar), Salgado Suazo, Diana (Yazar), Soto Concha, Fernando (Yazar)
Materyal Türü: Kitap
Dil:İspanyolca
Baskı/Yayın Bilgisi: Santiago, Chile Santillana 1996
Konular:
Etiketler: Etiketle
Etiket eklenmemiş, İlk siz ekleyin!

MARC

LEADER 00000cam a2200000 a 4500
001 UCQ4540
003 CL-VaPUC
005 20231109073929.0
008 980910e19960000CL |||||||||||||||||spa|d
999 |c 274912  |d 274910 
020 |a 9561503565 
040 |c Pontificia Universidad Católica de Valparaíso 
082 0 4 |a 909 JIM 1996  |2 21 
100 |a Jiménez Rodríguez, Patricia  |e author  |9 539498 
245 1 0 |a Historia universal:  |b  Educación Media 
260 |a Santiago, Chile  |b Santillana  |c 1996 
300 |a 383 páginas 
583 |a last modification  |c 20120320 01:17:27  |k Rodrigo Vera 
650 0 |a Enseñanza de la historia   |9 307330 
650 0 |a Historia universal  |9 266877 
650 0 |a Prehistoria  |9 316557 
650 0 |a Historia contemporánea  |9 343224 
700 0 |a Salgado Suazo, Diana  |e author  |9 418707 
700 0 |a Soto Concha, Fernando  |e author  |9 418708 
942 |c BK  |2 ddc 
945 |d 19980910 00:00:00  |a aarredon 
952 |0 0  |1 2  |2 ddc  |4 0  |6 909_000000000000000_JIM_1996  |7 0  |8 A  |9 311290  |a BIBHIS  |b BIBHIS  |d 2019-11-20  |i 3462129  |o 909 JIM 1996  |p 3462129  |r 2019-11-20  |t 1  |w 2019-11-20  |y BK  |k HIS 
952 |0 0  |1 0  |2 ddc  |4 0  |6 909_000000000000000_JIM_1996  |7 0  |8 A  |9 311291  |a BIBHIS  |b BIBHIS  |d 2019-11-20  |i 3462137  |o 909 JIM 1996  |p 3462137  |r 2025-01-20  |t 2  |w 2019-11-20  |y BK  |k HIS 
952 |0 0  |1 0  |2 ddc  |4 0  |6 909_000000000000000_JIM_1996  |7 0  |8 A  |9 311292  |a BIBHIS  |b BIBHIS  |d 2019-11-20  |i 350011K  |o 909 JIM 1996  |p 350011K  |r 2025-01-20  |t 3  |w 2019-11-20  |y BK  |k HIS 
952 |0 0  |1 0  |2 ddc  |4 0  |6 909_000000000000000_JIM_1996  |7 0  |8 A  |9 311293  |a BIBHIS  |b BIBHIS  |d 2019-11-20  |i 3547337  |o 909 JIM 1996  |p 3547337  |r 2025-01-20  |t 4  |w 2019-11-20  |y BK  |k HIS 
952 |0 0  |1 0  |2 ddc  |4 0  |6 909_000000000000000_JIM_1996  |7 0  |8 A  |9 311294  |a BIBHIS  |b BIBHIS  |d 2019-11-20  |i 444549K  |o 909 JIM 1996  |p 444549K  |r 2025-01-20  |t 5  |w 2019-11-20  |y BK  |k HIS